Κατάλογος Βιβλιοθηκών Mediterranean College

Η Εγκληματολογία της Κοινωνικής Αντίδρασης / Παραδόσεις (Record no. 4473)

MARC details
000 -LEADER
fixed length control field 01913cam a22001814a 4500
005 - ΗΜΕΡΟΜΗΝΙΑ ΚΑΙ ΩΡΑ ΤΕΛΕΥΤΑΙΑΣ ΕΝΗΜΕΡΩΣΗΣ
Πεδίο ελέγχου 20250605164147.0
008 - FIXED-LENGTH DATA ELEMENTS--GENERAL INFORMATION
Πεδίο ελέγχου σταθερού μήκους 250528s ||||||||||||||||||||||||d
035 ## - SYSTEM CONTROL NUMBER
System control number 19204
040 ## - ΠΗΓΗ ΚΑΤΑΛΟΓΟΓΡΑΦΗΣΗΣ
Φορέας πρωτότυπης καταλογογράφησης MC Athens Campus Library
Γλώσσα καταλογογράφησης Ελληνικά, Μοντέρνα (1453-)
Modifying agency MC Athens Campus Library
Κανόνες περιγραφικής καταλογογράφησης AACR2
245 1# - ΤΙΤΛΟΣ ΚΑΙ ΔΗΛΩΣΗ ΥΠΕΥΘΥΝΟΤΗΤΑΣ
Τίτλος Η Εγκληματολογία της Κοινωνικής Αντίδρασης / Παραδόσεις
260 ## - PUBLICATION, DISTRIBUTION, ETC.
Name of publisher, distributor, etc. Αντ. Ν. Σάκκουλα,
Date of publication, distribution, etc. 1985
300 ## - PHYSICAL DESCRIPTION
Extent 164
520 ## - SUMMARY, ETC.
Summary, etc. Εισαγωγή, Μια Αλλαγή Παραδείγματος στην Εγκληματολογία, Οριοθέτηση του Αντικειμένου, Η Κοινωνική Κατασκευή του Εγκλήματος (Η Δημιουργία του Ποινικού Νόμου), Συναίνεση Έναντι Σύγκρουσης - Τα Δύο Αντιτιθέμενα Θεωρητικά Πρότυπα, Η Δημιουργία του Ποινικού Νόμου υπό το Πρίσμα του Συναινετικού και του Συγκρουσιακού Πρότυπου, Η Κοινωνική Κατασκευή του Εγκληματία (Η Εφαρμογή του Ποινικού Νόμου), Το Σύστημα και η Λειτουργία της Ποινικής Δικαιοσύνης, Η Είσοδος στο Σύστημα της Ποινικής Δικαιοσύνης (Η Επισήμανση της Εγκληματικότητας), Η Αναδόμηση του Αντικειμένου, Η Έξοδος από το Σύστημα της Ποινικής Διακιοσύνης (Το Έτοιμο Προϊόν), Οι Συνέπειες του Στίγματος, Η Λειτουργία της Επίσημης Κοινωνικής Αντίδρασης (Η Δημιουργία της Άτυπης Κοινωνικής Αντίδρασης).
700 1# - ΠΡΟΣΘΕΤΗ ΑΝΑΓΡΑΦΗ--ΦΥΣΙΚΟ ΠΡΟΣΩΠΟ
Personal name Δασκαλάκης Ηλίας
9 (RLIN) 5444
942 ## - ADDED ENTRY ELEMENTS (KOHA)
Koha item type Books
Holdings
Τύπος τεκμηρίου Βιβλιοθήκη Τρέχουσα τοποθεσία Barcode Αριθμός εισαγωγής Ημερομηνία απόκτησης Ταξιθετικό σύμβολο Αριθμός αντιτύπου Κατάσταση απόσυρσης Κατάσταση χαμένου Κατάσταση κατεστραμμένου Μη δανεισμός Σύνολο δανεισμών Ημερομηνία τελευταίας εμφάνισης Η τιμή ισχύει από
Books MC Athens Campus Library MC Athens Campus Library 9780000044723 5183 05/06/2025 364.495 DAS 1           05/06/2025 05/06/2025

MC Athens Campus Library
Πατησίων 94 & Κοδριγκτώνος 13, 104 34
Πελλήνης 8 & Πατησίων 107, 112 51
Τ: +30 210 8899600

MC Thessaloniki Campus Library
Ίωνος Δραγούμη 21, 54625 | Ίωνος Δραγούμη 15, 54625
Τ: +30 2310 287779 – Τ: +30 2314 440300